|
|
|
|
| LEADER |
00000cam a2200000 a 4500 |
| 001 |
vtls010274442 |
| 003 |
SK-MaSNL |
| 005 |
20260301031717.0 |
| 008 |
240315s2011 xo odl f 000 0 slo |
| 015 |
|
|
|a SNBA2011/07-03622
|
| 020 |
|
|
|a 9788089284788
|q (viaz.)
|
| 035 |
|
|
|a D098C2CE-DBC9-40B2-88E1-485F05AA7AFB
|
| 035 |
|
|
|a urn:nbn:sk:snk-amjhp7
|
| 035 |
|
|
|a urn:nbn:sk:snk-am001xyj
|
| 040 |
|
|
|a SNK
|b slo
|c SNK
|e AACR2
|
| 041 |
0 |
|
|a slo
|
| 044 |
|
|
|a xo
|c SK
|
| 072 |
|
7 |
|a 628
|x Sanitárna technika. Vodárenstvo. Odpadové hospodárstvo. Svetelná technika
|2 konspekt
|
| 080 |
|
|
|a 628.3/.5
|2 2001
|
| 080 |
|
|
|a 628.477.6
|2 2001
|
| 080 |
|
|
|a (048.8)
|2 2001
|
| 100 |
1 |
|
|a Takáčová, Zita,
|d 1979-
|4 aut
|9 222108
|
| 245 |
1 |
0 |
|a Základné informácie o odpadoch
|c Zita Takáčová, Andrea Miškufová
|
| 250 |
|
|
|a 1. vyd.
|
| 260 |
|
|
|a Košice
|b Equilibria
|c 2011
|
| 300 |
|
|
|a 223 s.
|b fotogr., grafy, sch., tab.
|c 24 cm
|
| 366 |
|
|
|e 170 výt.
|
| 504 |
|
|
|a Bibliogr. odkazy. Výkladový slovník pojmov. Zoz. symbolov a skrat.
|
| 650 |
0 |
7 |
|a odpad
|2 SNKPH
|9 14223
|
| 650 |
0 |
7 |
|a spracovanie odpadu
|2 SNKPH
|9 31028
|
| 650 |
0 |
7 |
|a recyklácia odpadu
|2 SNKPH
|9 29450
|
| 650 |
0 |
7 |
|a Waste products
|2 SNKPHeng
|9 267223
|
| 650 |
0 |
7 |
|a Treatment of wastes
|2 SNKPHeng
|9 325718
|
| 650 |
0 |
7 |
|a Waste recyclation
|2 SNKPHeng
|9 314206
|
| 655 |
|
7 |
|a monografie
|2 SNKPH
|9 70139
|
| 655 |
|
7 |
|a Monographs
|2 SNKPHeng
|9 120675
|
| 700 |
1 |
|
|a Miškufová, Andrea,
|d 1974-
|4 aut
|9 222099
|
| 852 |
|
|
|a Štátna vedecká knižnica v Banskej Bystrici
|
| 919 |
|
|
|a 978-80-89284-78-8
|
| 958 |
|
|
|a NB
|
| 958 |
|
|
|a OND
|
| 968 |
|
|
|d 62
|
| 999 |
|
|
|c 577183
|d 579113
|
| 952 |
|
|
|a SNK
|b SNK
|y PREZ
|7 0
|p 17A0696915
|o snkSC 145164
|i snk2011/9655
|8 0
|0 0
|1 0
|4 0
|d 2011-04-28
|l 0
|r 2025-07-14 00:00:00
|w 2026-02-23
|
| 952 |
|
|
|a SNK
|b SNK
|y VYP
|7 0
|p 17A0696914
|o snkSC 145164 D1
|i snk2011/9663
|8 0
|0 0
|1 0
|4 0
|d 2011-04-28
|l 0
|r 2026-02-23 14:37:33
|w 2026-02-23
|